01026nam a2200265Ia 4500001000600000003000500006008004100011010001100052040000900063090001600072100003700088245013100125260004100256300001000297502008100307650014000388650002900528901001600557902000600573910000900579942000600588942000600594999001900600952014100619Z_252CHAP220113s1986 xx 000 0 und d a163226 cCHAP aTesis A 427 aAcevedo González, Ernesto9500 aPrograma para el incremento de la lechería familiar en Chihuahua (Seminario de titulación) /c Ernesto Acevedo González aChihuahua, Chih. :bEl autor,c1986 a69 h. aTesis (Ing. Agrónomo Esp. en Zootecnia) -- UACH. Departamento de Zootecnia aGanado lecheroxChihuahua I. t. La problemática de la producción agrícola y su desarrollo rural en el estado de Chihuahua9137533 aGranjas lecheras 950407 aTESIS A 427 aM a1986 c2 c2 c163226d163226 00102local4051708TESISaZbZd2005-11-09eEl autorl0oTesis A24 427 1986p5101000608r2022-01-18 00:00:00tEj.1w2022-01-18yTESIS